000 01294pam a2200277 a 4500
001 3825079
003 ARRUPE
005 20140506134811.0
008 861201s1987 mnu b 001 0 eng
010 _a 86027300
020 _a0814614914 (pbk. : set) :
_c$49.00
040 _aDLC
_cDLC
_dDLC
050 0 0 _aBX2200
_b.A49 1987
082 0 0 _a265
_219
100 _aLee, Bernard J.
_910107
245 0 0 _aAlternative futures for worship /
_cgeneral editor, Bernard J. Lee.
260 _aCollegeville, Minn. :
_bLiturgical Press,
_cc1987.
300 _a90p. ;
_c23 cm.
504 _aIncludes bibliographies and indexes.
505 0 _av. 1. General introduction / volume editor, Regis A. Duffy -- v. 2. Baptism and confirmation / volume editor, Mark Searle -- v. 3. The Eucharist / volume editor, Bernard J. Lee -- v. 4. Reconciliation / volume editor, Peter E. Fink -- v. 5. Christian marriage / volume editor, Bernard Cooke -- v. 6. Leadership ministry in community / volume editor, Michael A. Cowan -- v. 7. Anointing of the sick / volume editor, Peter E. Fink.
610 2 0 _aCatholic Church
_xLiturgy.
_910108
650 0 _aSacraments (Liturgy)
_910109
700 1 _aLee, Bernard J.,
_d1932-
_910110
906 _a7
_bcbc
_corignew
_d1
_eocip
_f19
_gy-gencatlg
942 _2lcc
_cMONOGRAPH
999 _c120474
_d120474